Proyecto ÁGORA : el desafío de la inclusión laboral.

Kaydedildi:
Detaylı Bibliyografya
Müşterek Yazar: Fundación ONCE América Latina
Materyal Türü: Süreli
Dil:İspanyolca
Konular:
Online Erişim:Ver documento en línea
Etiketler: Etiketle
Etiket eklenmemiş, İlk siz ekleyin!

MARC

LEADER 00000cas^a2200000uu^4500
001 000532396
005 20260413000000.0
008 050901s1995^^^^^^^^^^^^r^^r^^000^0^spa^d
009 20260413195048.798
022 |a 10226508 
035 |a FCE 000076644 
035 |a FCE 019730 
037 |a Acervo ITESO - Biblioteca 
041 |a spa 
095 |a REVISTA IBEROAMERICANA DE EDUCACION  |b 63/2013 (PDF) 
110 |a Fundación ONCE América Latina 
245 1 0 |a Proyecto ÁGORA :  |b el desafío de la inclusión laboral. 
264 |a Madrid :  |b OEI,  |c 2013. 
336 |a texto  |b txt  |2 rdacontenido 
337 |a sin mediación  |b n  |2 rdamedio 
338 |a volumen  |b nc  |2 rdasoporte 
649 |a XX 
650 |a Formación para el trabajo 
650 |a Discapacidad 
650 |a Proyecto Agora 
740 |g no. 63, sept.-dic. 2013, pp. 139-144  |t Revista Iberoamericana de Educación, 
856 4 0 |u https://www.rieoei.org/rie63a09.pdf  |y Ver documento en línea 
910 |a Fondo Centro de Estudios Educativos 
920 |a Impresos - Libros 
930 |a Fondos Especiales 
905 |a 133 
902 |a https://opac.biblio.iteso.mx/vufind/Record/000532396